00852nam a2200229Ia 4500003000400000005001700004008004100021020003000062040001700092082002200109100001900131245011200150250001300262260002500275300009400300500003000394650002900424650001700453942000900470952012800479999001500607IIN20250325125258.0250325s9999 xx ad 001 0 eng d cRs.1195.00a9789354669439 aIINbEnglish a611 bCHA1 aChaurasia, BD 1 aBD Chaurasia's Human AnatomybRegional and Applied Dissection and Clinical Brain-NeuroanatomycBD Chaurasia a 10th ed bCBSaNew Delhic2025 axiv, 199 p./ V. 4bcol. ill.eWorkbook of Human Anatomy Head and Neck, Brain-Neuroanatomy a V. 4: Brain-Neuroanatomy1 aAnatomy xHuman Anatomy 1 aNeuroanatomy cBOOK 00102ddc40708PURSaIINbIINcGENd2025-03-11g1195.00l0o611 CHAp1808r2025-03-25 12:42:53w2025-03-25yBOOK c1696d1696